000 00368nam a2200133Ia 4500
008 230917s9999||||xx |||||||||||||| ||und||
040 _e119727
_aMAIN
041 _aEnglish
082 _a333.336 S31S
100 _aGupta, K R, ed.
245 0 _aSpecial Economic Zones: Issues, laws and procedures. 2V
260 _aNew Delhi
_bAtlantic Publishers
_c2008
942 _cBK
999 _c146784
_d146784